| 000 | 006020000a22002050004500 | ||
|---|---|---|---|
| 003 | LK-CoMWRAF | ||
| 005 | 20231020105226.0 | ||
| 008 | 230817t1998 ||||| |||| 00| 0 eng d | ||
| 020 | _a087341683x | ||
| 040 |
_aLK-CoMWRAF _dLK-CoMWRAF _eLK-CoMWRAF |
||
| 041 | _aeng | ||
| 082 |
_a746.44 _bMUL |
||
| 100 | _aMulari, Mary | ||
| 245 |
_aAppliques with Style: _bDesigns and Techniques with Fresh Attitude |
||
| 260 |
_aIola: _bKrause Publications, _c1998 |
||
| 300 |
_a144 p. : ill. (some col.) ; 28 cm. _bIndex included |
||
| 650 | _aAPPLIQUES | ||
| 650 | _aMachine appliqué--Patterns. | ||
| 942 | _cBK | ||
| 999 |
_c1264 _d1264 |
||